| 000 | 00895cab a22002295a 4500 | ||
|---|---|---|---|
| 001 | L159968 | ||
| 008 | 150113e2016 xxk 000 0 eng d | ||
| 035 | _a(Sirsi) u159968 | ||
| 041 | 0 | _aeng | |
| 050 | _218 | ||
| 100 | 1 | _aCobb, Laurence | |
| 245 | 0 | 0 |
_aAdjudication matters _h[electronic resource] |
| 260 |
_aLondon _bRICS _c2016 |
||
| 490 |
_aRICS Building Surveying Journal _vDecember 2016 - January 2017, 24-25(2) |
||
| 520 | _aConsiders how natural justice, enforceability of awards and the issue of costs apply in adjudication. | ||
| 650 | 2 | 4 | _aADJUDICATION |
| 650 | 2 | 4 | _aBEUMER GROUP UK LTD V VINCI CONSTRUCTION UK LTD |
| 650 | 2 | 4 | _aLULU CONSTRUCTION LTD V MULLALEY & CO LTD |
| 690 |
_aDispute resolution _96236 |
||
| 856 | 4 | 0 |
_uhttps://www.rics.org/Global/Building_Surveying_Journal_December_2016_January_2017.pdf _zView the article free of charge at www.rics.org... |
| 942 | _n0 | ||
| 999 |
_c85089 _d85089 |
||